Mechanika tekutín. Vybrané kapitoly - príklady

Bibliographic Details
Main Author: Čarnogurská, Mária, 1953- (Author)
Format: Book
Language:Slovak
PhysicalDescription:47 s. Sch. 21 cm
Published: Košice Technická univerzita [1993]
ISBN:8070992204
Subjects:

MARC

LEADER 00000nam a2200000 a 4500
001 vtls001059683
003 SK-MaSNL
005 20260301110702.0
008 250414s1993 xo a r y 0 slo
015 |a SNBA1995/1203063 
020 |a 8070992204 
035 |a SNK000002507 
035 |a urn:nbn:sk:snk-amke25 
035 |a urn:nbn:sk:snk-am003o4j 
035 |a 63FBB9E1-16A0-4D8E-BD02-FE98DD13E452 
040 |a SNK  |b slo  |c SNK  |e AACR2 
041 0 |a slo 
044 |a xo  |c SK 
080 |a 532(075.8)(076.5)  |2 1981 
100 1 |a Čarnogurská, Mária,  |d 1953-  |4 aut  |9 92896 
245 1 0 |a Mechanika tekutín. Vybrané kapitoly - príklady  |c Mária Čarnogurská 
260 |a Košice  |b Technická univerzita  |c [1993] 
300 |a 47 s.  |b Sch.  |c 21 cm 
366 |e 120 výt. 
504 |a Bibliogr. s. 46 
650 0 7 |a kvapaliny  |x mechanika  |x príklady  |2 SNK  |9 449146 
650 0 7 |a hydromechanika  |2 SNK  |9 67353 
655 7 |a Textbooks (higher)  |2 SNKPHeng  |9 276436 
655 7 |a učebnice vysokých škôl  |2 SNKPH  |9 70191 
852 |a Slovenská národná knižnica 
919 |a 80-7099-220-4 
958 |a TL 
958 |a NB 
958 |a UV 
999 |c 703849  |d 705779 
952 |t P60, <09>, [BOOK], {629}  |a SNK  |b SNK  |y NEVYP  |7 0  |o snkC 1806  |i snk3564/951025  |0 0  |1 0  |4 0  |d 1995-10-24  |l 0  |r 2004-12-31 00:00:00  |w 2026-02-23 
952 |t P60, <03>, [BOOK], {603}  |a SNK  |b SNK  |y PREZ  |7 0  |o snkSC 89227  |i snkKSP 8980/95  |0 0  |1 0  |4 0  |d 1995-10-24  |l 0  |r 2004-12-31 00:00:00  |w 2026-02-23 
952 |t P60, <04>, [BOOK], {604}  |a SNK  |b SNK  |y VYP  |7 0  |p 17A0002844  |o snkSC 89227 D1  |i snkKSP 8981/95  |0 0  |1 0  |4 0  |d 1995-10-24  |l 0  |r 2004-12-31 00:00:00  |w 2026-02-23 
952 |a SNK  |b SNK  |y PREZ  |7 0  |p 17A1013788  |o snkSC 89227  |0 0  |1 0  |4 0  |d 2012-08-21  |f 1  |l 0  |r 2025-09-08 00:00:00  |w 2026-02-23